Le Zizi - Pierre Perret - Mort Subite - Statistiques

Statistiques générales
  • Ce quiz a été pris 89 fois
    59 depuis la dernière actualisation
  • Le résultat moyen est 5 sur 19
Answers on the Grid
Answers color-coded by a green-red scale on the quiz's grid according to % correct below.
Le gros touffu
Le rasé
L'alpiniste et son beau pic à glace
Le marin breton qui avait perdu ses ponpons
Le gros zizi des aristos
Aux moeurs certaines
L'infirmier d'ambulance qui clignotait dans les cas d'ugence
Le Juif cossu qui mesurait le tissu
Le trapéziste ambulant qui apprenait la barre fixe à ses petit-enfants
Qui amidonne la main de ma tante
Le mécanicien en détresse qui a jamais su réunir ses pièces
Celui du pape qui fait des bulles
Les impusilfs qui grimpaient dans les calcifs
Les paresseux qui est tout crasseux
Le ramoneur
Le tout blanc chez le peintre
Le cador du croque-mort
Le curé avec son petit chapeau violet
Le zizi musclé chez le routier
Le lever de zizi à l'aurore
Le dur qui a un grand cou
Le p'tit zizi d'un grand bedeau
Le zizi tout propre du blanchisseur
Les moins voraces qui tombaient dans les godasses
Le p'tit chose
Le mou
Le grand ridé
Le p'tit lifté
L'enfariné chez le boulanger
Le mont pelé
Celui de mon ami qui a posé de la tapisserie
Celui d'un Dannois qui casse des noix
 
Statistiques - réponses
Réponse % Correct
Le gros touffu
63%
Le grand ridé
50%
Le mou
50%
Le mont pelé
41%
Le dur qui a un grand cou
31%
Le curé avec son petit chapeau violet
25%
Le ramoneur
22%
Les moins voraces qui tombaient dans les godasses
22%
Celui du pape qui fait des bulles
19%
Le marin breton qui avait perdu ses ponpons
19%
Les impusilfs qui grimpaient dans les calcifs
19%
Le zizi tout propre du blanchisseur
19%
Le trapéziste ambulant qui apprenait la barre fixe à ses petit-enfants
16%
Le Juif cossu qui mesurait le tissu
13%
Le zizi musclé chez le routier
13%
L'alpiniste et son beau pic à glace
9%
Le mécanicien en détresse qui a jamais su réunir ses pièces
9%
Le p'tit chose
9%
L'infirmier d'ambulance qui clignotait dans les cas d'ugence
9%
Aucun quiz correspondant
Distribution des résultats
% des personnes avec chaque résultat
Percentile par nombre de réponses
Votre historique - résultats
Vous n’avez pas pris ce quiz depuis la dernière actualisation